[Event "Valasska Bystrice op 11th"]
[Site "Valasska Bystrice"]
[Date "2019.09.12"]
[Round "7"]
[White "Jerabek, Jan1111"]
[Black "Glacner, Karel"]
[Result "1-0"]
[WhiteElo "1189"]
[BlackElo "1515"]
[PlyCount "81"]
[EventDate "2019.09.07"]
[EventType "swiss"]
[EventRounds "9"]
[EventCountry "CZE"]
[SourceTitle "EXT 2020"]
[Source "ChessBase"]
[SourceDate "2019.10.17"]
[SourceVersion "1"]
[SourceVersionDate "2019.10.17"]
[SourceQuality "1"]

1. d4 e5 2. c4 Bb4+ 3. Bd2 Qe7 4. a3 exd4 5. axb4 b6 6. Nf3 c5 7. e3 Bb7 8. Be2 g5 9. exd4 cxd4 10. 0-0 Qe4 11. Re1 Ne7 12. Bxg5 f6 13. Bd3 Qc6 14. b5 Qd6 15. Bh4 0-0 16. Be4 Bxe4 17. Rxe4 Nf5 18. Bg3 Nxg3 19. hxg3 d3 20. Nc3 Qb4 21. Qd2 a5 22. Ne1 a4 23. Ra3 Kh8 24. Nxd3 Qd6 25. Qf4 Qxd3 26. Re7 Qg6 27. Nxa4 Rg8 28. Qe4 Qh6 29. f4 Ra7 30. Nxb6 Rxa3 31. bxa3 Qh5 32. Kf2 Qc5+ 33. Qe3 Qf5 34. a4 Qc2+ 35. Qe2 Qf5 36. a5 Qg6 37. g4 f5 38. Qe5+ Rg7 39. Re8+ Qxe8 40. Qxe8+ Rg8 41. Qe5+ 1-0

[Event "Trebic Highlands op 12th"]
[Site "Trebic"]
[Date "2018.09.28"]
[Round "8"]
[White "Glacner, Karel"]
[Black "Korinkova, Eva"]
[Result "0-1"]
[WhiteElo "1482"]
[BlackElo "1833"]
[PlyCount "58"]
[EventDate "2018.09.22"]
[EventType "swiss"]
[EventRounds "9"]
[EventCountry "CZE"]
[SourceTitle "CBM 186 Extra"]
[Source "ChessBase"]
[SourceDate "2018.08.24"]
[SourceVersion "1"]
[SourceVersionDate "2018.08.24"]
[SourceQuality "1"]

1. e4 c5 2. g3 d5 3. Bg2 dxe4 4. Bxe4 Nf6 5. Bg2 Bg4 6. Bf3 Bxf3 7. Qxf3 Nc6 8. c3 Ne5 9. Qg2 Nd3+ 10. Kd1 Qd7 11. f3 e5 12. h3 c4 13. Qe2 Rd8 14. Rh2 Qa4+ 15. b3 cxb3 16. Qxe5+ Nxe5 17. Ke1 Nd3+ 18. Kf1 Nxc1 19. Ne2 b2 20. d4 Qd1+ 21. Kf2 Qxe2+ 22. Kg1 Qe1+ 23. Kg2 Nd3 24. h4 Bd6 25. Rh3 Qf2+ 26. Kh1 Qxf3+ 27. Kg1 Qf2+ 28. Kh1 Qf1+ 29. Kh2 Ng4# 0-1

[Event "Trebic Highlands op 12th"]
[Site "Trebic"]
[Date "2018.09.24"]
[Round "3"]
[White "Hrivnakova, Anna"]
[Black "Glacner, Karel"]
[Result "1-0"]
[WhiteElo "1538"]
[BlackElo "1482"]
[PlyCount "61"]
[EventDate "2018.09.22"]
[EventType "swiss"]
[EventRounds "9"]
[EventCountry "CZE"]
[SourceTitle "CBM 186 Extra"]
[Source "ChessBase"]
[SourceDate "2018.08.24"]
[SourceVersion "1"]
[SourceVersionDate "2018.08.24"]
[SourceQuality "1"]

1. Nf3 h5 2. g3 a5 3. Bg2 e6 4. d4 a4 5. 0-0 Be7 6. c4 h4 7. Nc3 h3 8. Bh1 a3 9. Nb5 axb2 10. Bxb2 c6 11. Nc3 d6 12. Re1 f5 13. e3 g5 14. d5 e5 15. dxc6 bxc6 16. Qb3 Qc7 17. Na4 Bb7 18. c5 g4 19. cxd6 Bxd6 20. Qe6+ Qe7 21. Qg6+ Qf7 22. Qxf7+ Kxf7 23. Nxe5+ Bxe5 24. Bxe5 Nf6 25. Nc5 Ra5 26. Bd4 Bc8 27. Reb1 Nbd7 28. Nxd7 Bxd7 29. Rb7 Rb5 30. Rxd7+ Nxd7 31. Bxh8 1-0

[Event "Trebic Highlands op 12th"]
[Site "Trebic"]
[Date "2018.09.22"]
[Round "1"]
[White "Aird, Ian"]
[Black "Glacner, Karel"]
[Result "1-0"]
[WhiteElo "1857"]
[BlackElo "1482"]
[PlyCount "83"]
[EventDate "2018.09.22"]
[EventType "swiss"]
[EventRounds "9"]
[EventCountry "CZE"]
[SourceTitle "CBM 186 Extra"]
[Source "ChessBase"]
[SourceDate "2018.08.24"]
[SourceVersion "1"]
[SourceVersionDate "2018.08.24"]
[SourceQuality "1"]

1. Nf3 f5 2. d4 d5 3. g3 Nf6 4. Bg2 b6 5. c4 Bb7 6. Ne5 e6 7. 0-0 Nbd7 8. Qa4 Be7 9. Nc6 Bxc6 10. Qxc6 Kf7 11. cxd5 exd5 12. Nc3 Rc8 13. Nxd5 Nb8 14. Qc4 Kf8 15. Nf4 Qd7 16. Ne6+ Ke8 17. Nxg7+ Kd8 18. Bb7 Bd6 19. Ne6+ Ke7 20. Bxc8 Qxc8 21. Ng5 Rf8 22. Bd2 Ne4 23. Nxe4 fxe4 24. Bg5+ Ke8 25. f3 Bxg3 26. hxg3 Qh3 27. Bh4 e3 28. Qxc7 Nd7 29. Qd8+ Kf7 30. Qe7+ Kg8 31. Qxe3 Rf6 32. Rf2 Re6 33. Qf4 Rg6 34. Rh2 Qe6 35. b3 Kh8 36. Rc1 Rg8 37. Rc7 Rf8 38. Qe4 Qd6 39. Rc6 Qb4 40. g4 Qd2 41. Rc7 Rf7 42. Rxd7 1-0

[Event "Gibraltar Amateur op-A"]
[Site "Caleta"]
[Date "2018.01.24"]
[Round "3"]
[White "Sevillano Garcia, Joaquin"]
[Black "Glacner, Karel"]
[Result "1-0"]
[WhiteElo "1751"]
[BlackElo "1560"]
[PlyCount "88"]
[EventDate "2018.01.22"]
[EventType "swiss"]
[EventRounds "5"]
[EventCountry "GGB"]
[SourceTitle "EXT 2019"]
[Source "ChessBase"]
[SourceDate "2018.10.10"]
[SourceVersion "1"]
[SourceVersionDate "2018.10.10"]
[SourceQuality "1"]

1. c4 c5 2. Nc3 Nc6 3. Nf3 g6 4. e3 d6 5. d4 Bg4 6. Be2 Bxf3 7. Bxf3 Bg7 8. 0-0 cxd4 9. exd4 Nf6 10. Be3 0-0 11. Qd2 a6 12. Rad1 Re8 13. h3 Qc7 14. Rc1 Rad8 15. Rfd1 e6 16. Bg5 Ne7 17. g4 Nd7 18. b3 f6 19. Bh6 Nb6 20. Bxg7 Kxg7 21. Bg2 Nc6 22. Ne2 Qe7 23. Re1 d5 24. c5 Nd7 25. Nf4 Nf8 26. Bxd5 e5 27. Bxc6 bxc6 28. Qc3 Rxd4 29. Qxd4 exd4 30. Rxe7+ Rxe7 31. Kf1 g5 32. Nd3 a5 33. Rc4 Ne6 34. Ra4 Nf4 35. Rxd4 Nxd3 36. Rxd3 Re5 37. Rc3 Kf7 38. f3 Ke6 39. Kf2 Kd5 40. Rc4 Re7 41. Ra4 Kxc5 42. Rxa5+ Kb4 43. Ra4+ Kb5 44. f4 h6 1-0

[Event "Brno op 7th"]
[Site "Brno"]
[Date "2017.11.14"]
[Round "5"]
[White "Glacner, Karel"]
[Black "Zentko, Ladislav"]
[Result "1-0"]
[WhiteElo "1559"]
[BlackElo "1764"]
[PlyCount "55"]
[EventDate "2017.11.11"]
[EventType "swiss"]
[EventRounds "9"]
[EventCountry "CZE"]
[SourceTitle "CBM 181 Extra"]
[Source "ChessBase"]
[SourceDate "2017.12.12"]
[SourceVersion "1"]
[SourceVersionDate "2017.12.12"]
[SourceQuality "1"]

1. e4 e5 2. d4 exd4 3. c3 d5 4. Qa4+ Bd7 5. Qxd4 dxe4 6. Bf4 Nc6 7. Qxe4+ Be7 8. Bc4 Nf6 9. Qe2 0-0 10. Nf3 Re8 11. 0-0 Bd6 12. Qd2 Bxf4 13. Qxf4 Re4 14. Bxf7+ Kxf7 15. Ng5+ Kg8 16. Nxe4 Nxe4 17. Qxe4 Qf6 18. f4 Bf5 19. Qf3 Qg6 20. Qg3 Qd6 21. Na3 Ne7 22. Qf2 Qc6 23. Rfd1 Nc8 24. Rd8+ Kf7 25. Qd4 Qg6 26. Qd5+ Ke7 27. Re1+ Kf6 28. Rf8+ 1-0

[Event "Valasska Bystrice op"]
[Site "Valasska Bystrice"]
[Date "2017.09.16"]
[Round "9"]
[White "Glacner, Karel"]
[Black "Smutek, Vladimir"]
[Result "1-0"]
[WhiteElo "1538"]
[BlackElo "1694"]
[PlyCount "51"]
[EventDate "2017.09.09"]
[EventType "swiss"]
[EventRounds "9"]
[EventCountry "CZE"]
[SourceTitle "CBM 180 Extra"]
[Source "ChessBase"]
[SourceDate "2017.10.06"]
[SourceVersion "1"]
[SourceVersionDate "2017.10.06"]
[SourceQuality "1"]

1. e4 e5 2. d4 d6 3. dxe5 dxe5 4. Qxd8+ Kxd8 5. Nc3 Nf6 6. Bg5 Be7 7. 0-0-0+ Ke8 8. Bxf6 Bxf6 9. Nf3 c6 10. h3 Be6 11. g4 h6 12. Kb1 Nd7 13. Nd2 Ke7 14. Bc4 Rhd8 15. Bxe6 Kxe6 16. Nf3 Be7 17. Rhf1 f6 18. Nh4 g5 19. Nf5 Rh8 20. Ng7+ Kf7 21. Rxd7 b6 22. Nf5 Rhe8 23. Nxh6+ Ke6 24. Rd3 Bc5 25. Nf5 a5 26. Ng7+ 1-0

[Event "Valasska Bystrice op"]
[Site "Valasska Bystrice"]
[Date "2017.09.12"]
[Round "5"]
[White "Micka, Norbert"]
[Black "Glacner, Karel"]
[Result "1-0"]
[WhiteElo "1796"]
[BlackElo "1538"]
[PlyCount "107"]
[EventDate "2017.09.09"]
[EventType "swiss"]
[EventRounds "9"]
[EventCountry "CZE"]
[SourceTitle "CBM 180 Extra"]
[Source "ChessBase"]
[SourceDate "2017.10.06"]
[SourceVersion "1"]
[SourceVersionDate "2017.10.06"]
[SourceQuality "1"]

1. Nf3 d5 2. d4 Nf6 3. c4 c6 4. e3 e6 5. b3 Nbd7 6. Bb2 Bb4+ 7. Nbd2 Ne4 8. a3 Bd6 9. Be2 f5 10. 0-0 0-0 11. Ne5 Qf6 12. Ndf3 Qh6 13. b4 Ng5 14. Nxg5 Qxg5 15. f4 Qd8 16. Nxd7 Bxd7 17. c5 Bc7 18. a4 Rf6 19. Bc3 Rh6 20. Qe1 Qe7 21. b5 Rf8 22. Bb4 Bb8 23. g3 Rff6 24. Rf2 Be8 25. Rg2 Rh3 26. Ra2 Rfh6 27. Rb2 Kh8 28. Ba5 cxb5 29. axb5 g5 30. c6 b6 31. Bd2 gxf4 32. exf4 Bh5 33. Bxh5 R6xh5 34. Qe3 Bd6 35. Ra2 Rh6 36. Rc2 Kg7 37. Qc3 Bc7 38. Ra2 Kf6 39. Rxa7 Rg6 40. Qb4 Rg7 41. Qxe7+ Rxe7 42. Bb4 Rg7 43. Rb7 h5 44. Bf8 Rf7 45. Bh6 Kg6 46. Bg5 h4 47. Bxh4 Kh5 48. Bg5 Kg4 49. Ra2 Rhh7 50. Raa7 Kf3 51. Bd8 Rxh2 52. Kxh2 Rh7+ 53. Kg1 Kxg3 54. Rxc7 1-0

[Event "Valasska Bystrice op"]
[Site "Valasska Bystrice"]
[Date "2017.09.10"]
[Round "3"]
[White "Vlachopulos, Georgis"]
[Black "Glacner, Karel"]
[Result "1-0"]
[WhiteElo "1868"]
[BlackElo "1538"]
[PlyCount "51"]
[EventDate "2017.09.09"]
[EventType "swiss"]
[EventRounds "9"]
[EventCountry "CZE"]
[SourceTitle "CBM 180 Extra"]
[Source "ChessBase"]
[SourceDate "2017.10.06"]
[SourceVersion "1"]
[SourceVersionDate "2017.10.06"]
[SourceQuality "1"]

1. e4 e5 2. Nf3 f5 3. d4 fxe4 4. Nxe5 Nf6 5. Bg5 d6 6. Nc4 b5 7. Ne3 c6 8. d5 Bd7 9. Nc3 Be7 10. dxc6 Bxc6 11. Bxb5 Bxb5 12. Bxf6 Bxf6 13. Qh5+ g6 14. Qxb5+ Nd7 15. Qd5 Nc5 16. 0-0 Bxc3 17. bxc3 Rf8 18. Rad1 Rf6 19. Qg8+ Kd7 20. Qxh7+ Kc6 21. Nd5 Rf8 22. Ne7+ Kb5 23. Rd4 Rh8 24. Qf7 Rf8 25. Rb1+ Ka6 26. Qc4+ 1-0

[Event "Marianske Lazne op 16th"]
[Site "Marianske Lazne"]
[Date "2017.01.22"]
[Round "2"]
[White "Pavluchenkova, Ksenia"]
[Black "Glacner, Karel"]
[Result "0-1"]
[WhiteElo "1164"]
[BlackElo "1656"]
[PlyCount "58"]
[EventDate "2017.01.21"]
[EventType "swiss"]
[EventRounds "9"]
[EventCountry "CZE"]
[SourceTitle "CBM 176 Extra"]
[Source "ChessBase"]
[SourceDate "2017.03.02"]
[SourceVersion "1"]
[SourceVersionDate "2017.03.02"]
[SourceQuality "1"]

1. e4 e5 2. Nf3 f5 3. Nxe5 Qf6 4. Nc4 fxe4 5. Nc3 Qg6 6. f3 Nf6 7. d4 d6 8. Be2 Qxg2 9. Rf1 Qxh2 10. fxe4 Qh4+ 11. Rf2 Nxe4 12. Nxe4 Qxe4 13. Qd3 Qxd3 14. Bxd3 Be7 15. Re2 Bg4 16. Re3 d5 17. Na3 Nc6 18. Bb5 0-0 19. Bxc6 Bh4+ 20. Kd2 bxc6 21. Kd3 Rf1 22. Re5 Rd1+ 23. Kc3 Bf6 24. Re3 Bxd4+ 25. Kb3 Bxe3 26. Rb1 Bxc1 27. Kb4 Rb8+ 28. Kc5 Bd7 29. c3 Be3# 0-1

[Event "Wch Seniors 65 26th"]
[Site "Marianske Lazne"]
[Date "2016.11.20"]
[Round "2"]
[White "El Gheiadi, Ibrahim"]
[Black "Glacner, Karel"]
[Result "0-1"]
[WhiteElo "1918"]
[BlackElo "1629"]
[PlyCount "88"]
[EventDate "2016.11.19"]
[EventType "swiss"]
[EventRounds "11"]
[EventCountry "CZE"]
[SourceTitle "CBM 175 Extra"]
[Source "ChessBase"]
[SourceDate "2016.12.12"]
[SourceVersion "1"]
[SourceVersionDate "2016.12.12"]
[SourceQuality "1"]

1. e4 e5 2. Nf3 f5 3. d3 Qf6 4. Nc3 c6 5. a3 Bc5 6. Na4 Bd6 7. c4 Na6 8. Bd2 f4 9. Rc1 Nh6 10. b4 Nc7 11. c5 Be7 12. Qb3 Nf7 13. Bc3 Nb5 14. Bb2 0-0 15. Bxe5 Qh6 16. Bb2 Kh8 17. Nc3 d6 18. Nxb5 cxb5 19. d4 Qg6 20. Qc2 Re8 21. c6 a6 22. d5 Bd8 23. e5 Qxc2 24. Rxc2 bxc6 25. dxc6 Bf5 26. Re2 Bd3 27. Rd2 Be4 28. Be2 Nxe5 29. Nxe5 dxe5 30. Bf3 Bxf3 31. gxf3 Rc8 32. Rc2 Re6 33. 0-0 Bf6 34. Rfc1 Rc7 35. Rc5 Kg8 36. Kf1 Kf7 37. Ke2 Kg6 38. h3 Kf5 39. R1c2 Be7 40. Rd5 Bf6 41. Rdc5 Be7 42. R5c3 Rh6 43. Rc1 Re6 44. Kf1 Bf6 0-1

[Event "Plzen op 8th"]
[Site "Plzen"]
[Date "2016.10.14"]
[Round "6"]
[White "Glacner, Karel"]
[Black "Horak, Miroslav1111"]
[Result "1-0"]
[WhiteElo "1633"]
[BlackElo "1683"]
[PlyCount "45"]
[EventDate "2016.10.09"]
[EventType "swiss"]
[EventRounds "7"]
[EventCountry "CZE"]
[SourceTitle "EXT 2017"]
[Source "ChessBase"]
[SourceDate "2016.10.25"]
[SourceVersion "1"]
[SourceVersionDate "2016.10.25"]
[SourceQuality "1"]

1. d4 Nf6 2. Nf3 g6 3. Bg5 Bg7 4. Nbd2 d5 5. e3 0-0 6. Rc1 Nbd7 7. Bb5 c6 8. Bd3 h6 9. Bf4 Nh5 10. Be5 Nxe5 11. Nxe5 Qd6 12. f4 f5 13. c3 Kh7 14. Ndf3 Bxe5 15. dxe5 Qc7 16. Qe2 e6 17. g4 Ng7 18. h3 Qe7 19. Qh2 Bd7 20. Kd2 Rh8 21. Rcg1 Rag8 22. h4 fxg4 23. Ng5+ 1-0

[Event "Valasska Bystrice op"]
[Site "Valasska Bystrice"]
[Date "2016.09.17"]
[Round "9"]
[White "Slizek, Josef"]
[Black "Glacner, Karel"]
[Result "1-0"]
[WhiteElo "1952"]
[BlackElo "1612"]
[PlyCount "87"]
[EventDate "2016.09.10"]
[EventType "swiss"]
[EventRounds "9"]
[EventCountry "CZE"]
[SourceTitle "CBM 174 Extra"]
[Source "ChessBase"]
[SourceDate "2016.10.10"]
[SourceVersion "1"]
[SourceVersionDate "2016.10.10"]
[SourceQuality "1"]

1. e4 e5 2. Nc3 Bb4 3. Nf3 d6 4. Nd5 Bc5 5. d3 c6 6. Ne3 Nf6 7. c3 a5 8. h3 Nbd7 9. Qc2 Nb6 10. a3 0-0 11. d4 exd4 12. cxd4 Bxd4 13. Nxd4 Re8 14. Bd3 Nbd7 15. Nf3 h6 16. 0-0 Ne5 17. Nxe5 Rxe5 18. Nc4 Rh5 19. Bf4 Nh7 20. Be2 Rc5 21. Be3 Ng5 22. Rfd1 Nxh3+ 23. Kf1 Nxf2 24. Bxf2 Qf6 25. Bf3 Rb5 26. a4 Rb4 27. Be1 b5 28. Bxb4 bxc4 29. Bxd6 Qh4 30. Ke2 Ba6 31. Qc3 Re8 32. Rh1 Rxe4+ 33. Bxe4 Qxe4+ 34. Kf2 Qf5+ 35. Kg1 Qe6 36. Be5 Qd7 37. Re1 Qa7+ 38. Qe3 Qb7 39. Bd4 f6 40. Qe8+ Kh7 41. Re3 Qc7 42. Rxh6+ Kxh6 43. Rh3+ Kg5 44. Be3+ 1-0

[Event "Brno Duras op"]
[Site "Brno"]
[Date "2016.06.28"]
[Round "4"]
[White "Glacner, Karel"]
[Black "Halamka, Radek"]
[Result "1/2-1/2"]
[WhiteElo "1531"]
[BlackElo "1787"]
[PlyCount "92"]
[EventDate "2016.06.25"]
[EventType "swiss"]
[EventRounds "9"]
[EventCountry "CZE"]
[SourceTitle "CBM 173 Extra"]
[Source "ChessBase"]
[SourceDate "2016.08.29"]
[SourceVersion "1"]
[SourceVersionDate "2016.08.29"]
[SourceQuality "1"]

1. e4 c5 2. c3 Nc6 3. d4 cxd4 4. cxd4 d6 5. Nc3 Nf6 6. Bc4 g6 7. Nf3 Bg7 8. h3 a6 9. a3 0-0 10. b4 Qc7 11. Nd5 Nxd5 12. Bxd5 e6 13. Bxc6 Qxc6 14. Qd3 Bd7 15. 0-0 Qb6 16. Qe3 Rfc8 17. Ra2 Rc4 18. Bb2 Rac8 19. d5 Qxe3 20. fxe3 Rc2 21. Ng5 Rxb2 22. Rxb2 Bxb2 23. Rxf7 Rd8 24. dxe6 Bxe6 25. Nxe6 Kxf7 26. Nxd8+ Ke7 27. Nxb7 Bxa3 28. Na5 Ke6 29. Nc6 Kf6 30. Kf2 Kg5 31. Nb8 Bxb4 32. Nxa6 Bc5 33. Nc7 Kf6 34. Kf3 Ba3 35. Nd5+ Ke5 36. Nf4 Kf6 37. g4 Bb2 38. h4 g5 39. Nd5+ Kg6 40. h5+ Kf7 41. Nb4 Ke6 42. Nd3 Bc3 43. Nf2 Be1 44. Nd3 Bc3 45. Nf2 Be1 46. Nd3 Bc3 1/2-1/2

[Event "Brno op 6th"]
[Site "Brno"]
[Date "2015.11.17"]
[Round "5"]
[White "Kalinowska, Zuzanna"]
[Black "Glacner, Karel"]
[Result "0-1"]
[WhiteElo "1937"]
[BlackElo "1577"]
[PlyCount "52"]
[EventDate "2015.11.14"]
[EventType "swiss"]
[EventRounds "9"]
[EventCountry "CZE"]
[SourceTitle "CBM 169 Extra"]
[Source "ChessBase"]
[SourceDate "2015.12.18"]
[SourceVersion "1"]
[SourceVersionDate "2015.12.18"]
[SourceQuality "1"]

1. d4 Nf6 2. Nf3 g6 3. e3 Bg7 4. Be2 c5 5. d5 0-0 6. 0-0 d6 7. c4 Bf5 8. Nc3 Na6 9. a3 Nc7 10. Nd2 h5 11. h3 Qc8 12. e4 Bd7 13. f4 Bxh3 14. gxh3 Qxh3 15. Qe1 Ng4 16. Bxg4 Bd4+ 17. Rf2 hxg4 18. Qf1 Qg3+ 19. Qg2 Bxf2+ 20. Kf1 Qxg2+ 21. Kxg2 Be3 22. Nf1 Bxc1 23. Rxc1 f5 24. exf5 gxf5 25. Ng3 Kg7 26. Nd1 Kg6 0-1